Comunas de Chile - Estadísticas

Estadísticas generales
  • Esta prueba ha sido intentada 294 veces
  • La puntuación promedio es 118 de 346
Estadísticas de respuestas
Región Provincia Respuesta % Correcto
Arica y Parinacota Arica Arica
87%
Tarapacá Iquique Iquique
81%
Metropolitana de Santiago Santiago Las Condes
81%
Metropolitana de Santiago Santiago Santiago
81%
Maule Talca Talca
80%
Valparaíso Valparaíso Valparaíso
79%
Antofagasta Antofagasta Antofagasta
77%
Metropolitana de Santiago Santiago Maipú
77%
Los Lagos Llanquihue Puerto Montt
77%
Biobío Concepción Concepción
76%
Los Ríos Valdivia Valdivia
76%
Valparaíso Valparaíso Viña del Mar
76%
Coquimbo Elqui La Serena
74%
Metropolitana de Santiago Santiago Ñuñoa
74%
Metropolitana de Santiago Cordillera Puente Alto
74%
Metropolitana de Santiago Santiago Providencia
73%
Libertador General Bernardo O'Higgins Cachapoal Rancagua
73%
Maule Curicó Curicó
72%
Metropolitana de Santiago Melipilla Melipilla
72%
Los Lagos Osorno Osorno
72%
Valparaíso Quillota Quillota
72%
Valparaíso San Antonio San Antonio
72%
Metropolitana de Santiago Santiago Vitacura
72%
Coquimbo Elqui Coquimbo
71%
Maule Linares Linares
71%
Valparaíso Los Andes Los Andes
71%
Atacama Copiapó Copiapó
70%
Metropolitana de Santiago Santiago Lo Barnechea
70%
Valparaíso San Felipe de Aconcagua San Felipe
70%
La Araucanía Cautín Temuco
70%
Antofagasta Tocopilla Tocopilla
70%
Magallanes y la Antártica Chilena Magallanes Punta Arenas
67%
Metropolitana de Santiago Santiago Estación Central
66%
Metropolitana de Santiago Santiago La Florida
66%
Metropolitana de Santiago Santiago La Pintana
66%
Metropolitana de Santiago Maipo San Bernardo
66%
Metropolitana de Santiago Talagante Talagante
66%
Ñuble Diguillín Chillán
65%
Valparaíso Isla de Pascua Isla de Pascua
65%
Aysén del General Carlos Ibáñez del Campo Aysén Aysén
64%
Metropolitana de Santiago Santiago Pudahuel
64%
Los Lagos Llanquihue Puerto Varas
64%
Metropolitana de Santiago Melipilla San Pedro
64%
Metropolitana de Santiago Maipo Buin
62%
Los Lagos Chiloé Castro
62%
Metropolitana de Santiago Chacabuco Colina
62%
Metropolitana de Santiago Santiago Huechuraba
62%
Metropolitana de Santiago Santiago La Reina
62%
Tarapacá Iquique Alto Hospicio
61%
Antofagasta El Loa Calama
60%
Metropolitana de Santiago Santiago Macul
60%
Metropolitana de Santiago Santiago Recoleta
60%
Atacama Huasco Huasco
59%
Biobío Concepción Talcahuano
59%
Metropolitana de Santiago Santiago Lo Espejo
58%
Metropolitana de Santiago Maipo Paine
58%
Metropolitana de Santiago Santiago Quilicura
58%
Metropolitana de Santiago Santiago Renca
58%
Metropolitana de Santiago Santiago San Miguel
58%
Valparaíso Marga Marga Villa Alemana
58%
Atacama Chañaral Chañaral
57%
Valparaíso Valparaíso Concón
57%
Los Lagos Llanquihue Llanquihue
57%
Los Lagos Chiloé Ancud
56%
Metropolitana de Santiago Santiago Independencia
56%
Metropolitana de Santiago Santiago Peñalolen
56%
Valparaíso Petorca Petorca
56%
Valparaíso Marga Marga Quilpué
56%
Metropolitana de Santiago Santiago San Joaquín
56%
Aysén del General Carlos Ibáñez del Campo Coyhaique Coyhaique
55%
Biobío Biobío Los Ángeles
55%
La Araucanía Cautín Pucón
55%
Maule Cauquenes Cauquenes
54%
Los Lagos Llanquihue Frutillar
54%
Arica y Parinacota Parinacota Putre
54%
Libertador General Bernardo O'Higgins Colchagua San Fernando
54%
Los Ríos Ranco Lago Ranco
53%
Metropolitana de Santiago Santiago El Bosque
52%
Valparaíso Marga Marga Limache
52%
Coquimbo Choapa Los Vilos
52%
Metropolitana de Santiago Cordillera San José de Maipo
52%
Valparaíso San Antonio Algarrobo
51%
Coquimbo Limarí Ovalle
51%
Metropolitana de Santiago Cordillera Pirque
51%
La Araucanía Cautín Villarrica
51%
Biobío Arauco Arauco
50%
Metropolitana de Santiago Santiago Cerrillos
50%
Metropolitana de Santiago Santiago La Granja
50%
Metropolitana de Santiago Santiago Pedro Aguirre Cerda
50%
Metropolitana de Santiago Santiago Cerro Navia
49%
Metropolitana de Santiago Santiago La Cisterna
49%
Metropolitana de Santiago Santiago San Ramón
49%
Maule Talca Constitución
48%
Magallanes y la Antártica Chilena Última Esperanza Natales
48%
Los Lagos Chiloé Quellón
48%
Valparaíso Marga Marga Olmué
47%
Magallanes y la Antártica Chilena Antártica Chilena Antártica
46%
Metropolitana de Santiago Santiago Conchalí
46%
Metropolitana de Santiago Santiago Lo Prado
46%
Libertador General Bernardo O'Higgins Cardenal Caro Pichilemu
46%
Metropolitana de Santiago Santiago Quinta Normal
46%
Valparaíso Valparaíso Quintero
46%
Valparaíso Valparaíso Casablanca
45%
Valparaíso Petorca La Ligua
44%
Metropolitana de Santiago Chacabuco Lampa
44%
Biobío Concepción Lota
44%
Antofagasta El Loa San Pedro de Atacama
44%
Metropolitana de Santiago Chacabuco Til Til
44%
Atacama Huasco Vallenar
44%
Coquimbo Elqui Vicuña
44%
Valparaíso Petorca Zapallar
44%
La Araucanía Cautín Padre Las Casas
43%
Arica y Parinacota Arica Camarones
42%
Ñuble Diguillín Chillán Viejo
42%
Valparaíso Quillota La Calera
42%
Metropolitana de Santiago Talagante Padre Hurtado
42%
Metropolitana de Santiago Talagante Peñaflor
42%
Magallanes y la Antártica Chilena Tierra del Fuego Porvenir
42%
Tarapacá El Tamarugal Pozo Almonte
42%
Maule Talca Maule
41%
Libertador General Bernardo O'Higgins Cardenal Caro Navidad
41%
Los Lagos Palena Palena
41%
Libertador General Bernardo O'Higgins Cachapoal Rengo
40%
Atacama Copiapó Caldera
38%
Valparaíso San Antonio Cartagena
38%
Metropolitana de Santiago Melipilla Curacaví
38%
Valparaíso San Antonio El Quisco
38%
Coquimbo Choapa Illapel
38%
Antofagasta Antofagasta Mejillones
38%
Tarapacá El Tamarugal Pica
38%
Valparaíso San Antonio Santo Domingo
38%
Biobío Concepción San Pedro de la Paz
37%
Los Lagos Palena Chaitén
36%
Tarapacá El Tamarugal Colchane
36%
Metropolitana de Santiago Talagante Isla de Maipo
36%
Valparaíso Valparaíso Juan Fernández
36%
Valparaíso San Felipe de Aconcagua Llay-Llay
36%
Los Ríos Valdivia Panguipulli
36%
Biobío Concepción Tomé
36%
La Araucanía Malleco Angol
35%
Biobío Concepción Hualpén
35%
Aysén del General Carlos Ibáñez del Campo General Carrera Chile Chico
34%
Biobío Concepción Coronel
34%
Los Lagos Chiloé Dalcahue
34%
Valparaíso San Antonio El Tabo
34%
Valparaíso Petorca Papudo
34%
Magallanes y la Antártica Chilena Antártica Chilena Cabo de Hornos
33%
Los Lagos Palena Futaleufú
33%
Arica y Parinacota Parinacota General Lagos
33%
Libertador General Bernardo O'Higgins Colchagua Santa Cruz
33%
Metropolitana de Santiago Melipilla Alhué
32%
Libertador General Bernardo O'Higgins Colchagua Chimbarongo
32%
Los Ríos Ranco La Unión
32%
Los Ríos Valdivia Los Lagos
32%
Maule Linares Parral
32%
Los Lagos Osorno Puerto Octay
32%
Ñuble Punilla San Carlos
32%
Magallanes y la Antártica Chilena Última Esperanza Torres del Paine
32%
Metropolitana de Santiago Maipo Calera de Tango
31%
Libertador General Bernardo O'Higgins Cachapoal Machalí
31%
Aysén del General Carlos Ibáñez del Campo Capitán Prat O'Higgins
31%
Coquimbo Choapa Salamanca
31%
Antofagasta Antofagasta Taltal
31%
Biobío Concepción Chiguayante
30%
Aysén del General Carlos Ibáñez del Campo Aysén Cisnes
30%
Atacama Chañaral Diego de Almagro
30%
Metropolitana de Santiago Talagante El Monte
30%
Valparaíso Valparaíso Puchuncaví
30%
Libertador General Bernardo O'Higgins Cachapoal San Vicente de Tagua Tagua
30%
Atacama Copiapó Tierra Amarilla
30%
La Araucanía Malleco Victoria
30%
La Araucanía Malleco Curacautín
29%
Atacama Huasco Freirina
29%
Biobío Arauco Lebu
29%
Los Lagos Llanquihue Calbuco
28%
Los Lagos Chiloé Chonchi
28%
Los Lagos Llanquihue Cochamó
28%
Aysén del General Carlos Ibáñez del Campo Capitán Prat Cochrane
28%
La Araucanía Cautín Lautaro
28%
Valparaíso Los Andes San Esteban
28%
Maule Linares San Javier
28%
Biobío Biobío Alto Biobío
27%
Biobío Biobío Laja
27%
Antofagasta Tocopilla María Elena
27%
Valparaíso San Felipe de Aconcagua Putaendo
27%
La Araucanía Cautín Freire
26%
Tarapacá El Tamarugal Huara
26%
Los Ríos Valdivia Mariquina
26%
Libertador General Bernardo O'Higgins Cachapoal Mostazal
26%
Biobío Concepción Penco
26%
La Araucanía Cautín Puerto Saavedra
26%
Maule Talca San Clemente
26%
Biobío Arauco Tirúa
26%
Valparaíso Petorca Cabildo
25%
Valparaíso Los Andes Calle Larga
25%
Coquimbo Limarí Combarbalá
25%
Libertador General Bernardo O'Higgins Colchagua Nancagua
25%
Coquimbo Elqui Andacollo
24%
Los Ríos Valdivia Corral
24%
Libertador General Bernardo O'Higgins Cachapoal Graneros
24%
Maule Curicó Molina
24%
La Araucanía Cautín Nueva Imperial
24%
Los Lagos Osorno Puyehue
24%
Los Lagos Osorno Río Negro
24%
Los Ríos Ranco Futrono
23%
Valparaíso Quillota La Cruz
23%
Libertador General Bernardo O'Higgins Cachapoal Las Cabras
23%
Antofagasta El Loa Ollagüe
23%
Valparaíso Los Andes Rinconada
23%
Ñuble Diguillín Bulnes
22%
Tarapacá El Tamarugal Camiña
22%
Libertador General Bernardo O'Higgins Cachapoal Requínoa
22%
Los Ríos Ranco Río Bueno
22%
Biobío Biobío San Rosendo
22%
Biobío Biobío Cabrero
21%
Biobío Arauco Cañete
21%
Los Lagos Chiloé Curaco de Vélez
21%
Biobío Concepción Florida
21%
Los Lagos Llanquihue Fresia
21%
Aysén del General Carlos Ibáñez del Campo Aysén Guaitecas
21%
Biobío Concepción Hualqui
21%
La Araucanía Malleco Lonquimay
21%
Libertador General Bernardo O'Higgins Cachapoal Malloa
21%
Coquimbo Limarí Monte Patria
21%
Valparaíso Quillota Nogales
21%
Coquimbo Elqui Paihuano
21%
Los Lagos Chiloé Quemchi
21%
Ñuble Diguillín Quillón
21%
Valparaíso San Felipe de Aconcagua Santa María
21%
Aysén del General Carlos Ibáñez del Campo Capitán Prat Tortel
21%
Valparaíso Quillota Hijuelas
20%
La Araucanía Cautín Loncoche
20%
La Araucanía Cautín Pitrufquén
20%
Biobío Concepción Santa Juana
20%
Antofagasta Antofagasta Sierra Gorda
20%
Magallanes y la Antártica Chilena Tierra del Fuego Timaukel
20%
Valparaíso San Felipe de Aconcagua Catemu
19%
Ñuble Itata Cobquecura
19%
Libertador General Bernardo O'Higgins Cardenal Caro La Estrella
19%
Metropolitana de Santiago Melipilla María Pinto
19%
Los Lagos Llanquihue Maullín
19%
Los Lagos Chiloé Queilén
19%
Maule Curicó Teno
19%
La Araucanía Cautín Toltén
19%
Maule Curicó Vichuquén
19%
Maule Linares Colbún
18%
Biobío Biobío Mulchén
18%
Biobío Biobío Nacimiento
18%
Magallanes y la Antártica Chilena Tierra del Fuego Primavera
18%
Biobío Biobío Yumbel
18%
Ñuble Diguillín Yungay
18%
Coquimbo Choapa Canela
17%
La Araucanía Cautín Carahue
17%
La Araucanía Malleco Collipulli
17%
Biobío Arauco Contulmo
17%
La Araucanía Cautín Curarrehue
17%
Libertador General Bernardo O'Higgins Cachapoal Doñihue
17%
La Araucanía Cautín Galvarino
17%
Aysén del General Carlos Ibáñez del Campo Coyhaique Lago Verde
17%
Libertador General Bernardo O'Higgins Cardenal Caro Litueche
17%
Maule Linares Longaví
17%
Los Lagos Llanquihue Los Muermos
17%
La Araucanía Malleco Lumaco
17%
Los Lagos Osorno Purranque
17%
Biobío Biobío Santa Bárbara
17%
La Araucanía Cautín Vilcún
17%
Ñuble Punilla Coihueco
16%
La Araucanía Cautín Cunco
16%
La Araucanía Malleco Ercilla
16%
Los Lagos Palena Hualaihué
16%
Libertador General Bernardo O'Higgins Colchagua Lolol
16%
Los Ríos Valdivia Máfil
16%
Los Ríos Valdivia Paillaco
16%
Los Lagos Osorno San Pablo
16%
Maule Linares Yerbas Buenas
16%
Atacama Huasco Alto del Carmen
15%
Maule Cauquenes Chanco
15%
Biobío Arauco Curanilahue
15%
Maule Talca Curepto
15%
Los Ríos Valdivia Lanco
15%
La Araucanía Cautín Melipeuco
15%
Valparaíso San Felipe de Aconcagua Panquehue
15%
Maule Cauquenes Pelluhue
15%
Magallanes y la Antártica Chilena Magallanes Río Verde
15%
Maule Curicó Romeral
15%
Ñuble Punilla San Fabián
15%
La Araucanía Malleco Traiguén
15%
Biobío Biobío Antuco
14%
Biobío Biobío Negrete
14%
Ñuble Diguillín Pinto
14%
Maule Curicó Sagrada Familia
14%
Los Lagos Osorno San Juan de la Costa
14%
Maule Talca San Rafael
14%
La Araucanía Cautín Teodoro Schmidt
14%
Maule Linares Villa Alegre
14%
La Araucanía Cautín Gorbea
13%
Maule Curicó Hualañé
13%
Magallanes y la Antártica Chilena Magallanes Laguna Blanca
13%
Coquimbo Elqui La Higuera
13%
La Araucanía Malleco Los Sauces
13%
Libertador General Bernardo O'Higgins Cardenal Caro Paredones
13%
Libertador General Bernardo O'Higgins Cachapoal Peumo
13%
Libertador General Bernardo O'Higgins Colchagua Placilla
13%
Coquimbo Limarí Punitaqui
13%
La Araucanía Malleco Purén
13%
Libertador General Bernardo O'Higgins Cachapoal Quinta de Tilcoco
13%
Maule Talca Río Claro
13%
Coquimbo Limarí Río Hurtado
13%
Magallanes y la Antártica Chilena Magallanes San Gregorio
13%
Ñuble Punilla San Nicolás
13%
Libertador General Bernardo O'Higgins Colchagua Chépica
12%
La Araucanía Cautín Cholchol
12%
Ñuble Itata Coelemu
12%
Libertador General Bernardo O'Higgins Cachapoal Olivar
12%
Libertador General Bernardo O'Higgins Colchagua Peralillo
12%
La Araucanía Malleco Renaico
12%
Aysén del General Carlos Ibáñez del Campo General Carrera Río Ibáñez
12%
Libertador General Bernardo O'Higgins Cachapoal Coinco
11%
Maule Talca Empedrado
11%
Maule Curicó Licantén
11%
Biobío Arauco Los Álamos
11%
Ñuble Itata Ninhue
11%
Libertador General Bernardo O'Higgins Colchagua Palmilla
11%
Los Lagos Chiloé Puqueldón
11%
Biobío Biobío Quilaco
11%
Los Lagos Chiloé Quinchao
11%
Ñuble Itata Quirihue
11%
Maule Curicó Rauco
11%
Maule Linares Retiro
11%
Ñuble Diguillín Pemuco
10%
Libertador General Bernardo O'Higgins Cachapoal Pichidegua
10%
Ñuble Diguillín San Ignacio
10%
Biobío Biobío Tucapel
10%
Libertador General Bernardo O'Higgins Cachapoal Coltauco
9%
Maule Talca Pelarco
9%
Maule Talca Pencahue
9%
La Araucanía Cautín Perquenco
9%
Biobío Biobío Quilleco
9%
Ñuble Itata Ránquil
9%
Libertador General Bernardo O'Higgins Cardenal Caro Marchigüe
8%
Libertador General Bernardo O'Higgins Colchagua Pumanque
8%
Ñuble Diguillín El Carmen
7%
Ñuble Punilla Ñiquén
7%
Ñuble Itata Portezuelo
7%
Ñuble Itata Trehuaco
5%
Libertador General Bernardo O'Higgins Cachapoal Codehua
4%
No se encontraron pruebas coincidentes
Distribución de puntuación
Porcentaje de gente con cada puntuación
Porcentaje por número respondido
Historial de tus puntuaciones
No has intentado esta prueba.